000 00655nam a2200277Ia 4500
005 20260121124435.0
008 008 260114s9999 xx 000 0 eng d
020 _a9781438494074
037 _aEBOOK
040 _aCRL
040 _beng
040 _cCRL
041 _2eng
041 _aeng
084 _qCRL
100 _aCheng, Chung-ying
_9976030
245 4 _aThe Philosophy of Change
260 _bWalter de Gruyter
260 _bWalter de Gruyter
260 _c2023
650 _aPhilosophy
_9976031
856 _uhttp://www.degruyter.com/isbn/9781438494074
942 _cEBOOK
999 _c1554608
_d1554608